Quizzes
Events
Quiz Creation
Community
Videos
Private Events
Remove Ads
Sign In
Join for FREE
Feedback
Dark Mode
Quiz Categories
Sports
Geography
Music
Movies
Television
Just For Fun
Miscellaneous
History
Literature
Language
Science
Gaming
Entertainment
Religion
Holiday
For Kids
Quiz Lab
Recent
Popular Today
Quiz Kudos Today
Editor Picks
Curator Picks
Quizzes by...
Day
Popularity
Type
Ratings
Length
Year
Community
Subscriptions
Recent Discussions
Orange Saloon
Badges
Playlists
Quests
Create
Leaderboards
Showdown
Live 5
Trivia Bingo
Activity
Puzzle Library
Sporcle Events
Private Events
Virtual Trivia
Globe League
Become a Host
Pub Owners
SporcleCon
Opinionation
Our Games
Videos
Blog
Mobile Apps
Partnerships
Remove Ads and Go Orange
Feedback
Gaming
Video Games
Board Games
Card Games
Pokémon
Mario
Nintendo
Minecraft
Console
Toys
Legend of Zelda
Gaming
Video Games
Board Games
Card Games
Pokémon
Mario
Nintendo
Minecraft
Console
Toys
Legend of Zelda
Random Quiz
Search Sporcle
×
Quiz Lab
Quiz Lab
Gaming
Nintendo
Type in answers that appear in a list
Type in answers that appear in a list
Classic
Best Score? Go Orange.
Monopoly World Edition Mover Names Stats
Can you name the Monopoly World Edition Movers?
By
SelenaGomezLover
6m
24 Questions
10 Plays
10 Plays
10 Plays
Comments
Comments
Give Quiz Kudos
Give Quiz Kudos
-
- Ratings
hide this ad
More Info
Replay
Link that replays current quiz
Next Quiz
Link to next quiz in quiz playlist
You Got
0%
They Got
Avg Score
23%
Avg Friend Score
Upgrade to see
Score Distribution
Jump to the score distribution portion of the page
Score
0/24
Timer
06:00
0
Plays Today
Continent
Mover
% Correct
Europe
London Cab
50%
Africa
Safari Hat
50%
Australia
Kangaroo
50%
Australia
Koala
50%
South America
Football
40%
Australia
Boomerang
40%
North America
NASCAR
30%
North America
Cowboy Hat
30%
North America
Baseball Glove
30%
South America
Inca Mask
20%
South America
Easter Island Moai
20%
Africa
Camel
20%
Continent
Mover
% Correct
Europe
Pretzel
20%
Europe
Windmill
20%
Africa
Egyptian Head Mask
10%
Africa
African Mask
10%
Europe
Matador
10%
South America
Inca Statue
10%
North America
Canadian Mountie
10%
Asia
Russian Dolls
10%
Asia
Sumo Wrestler
10%
Asia
Tuk-Tuk
10%
Australia
Surfer
10%
Asia
Chinese Dragon
0%
Quiz Playlist
Details
Report
Send in Message
Add To Playlist
More Info:
Theme of game changed, so tags are the same as the old game. But some match the game.
Classic:
Type in answers that appear in a list
Last Updated: Feb 16, 2017
Quiz Scoreboard
CHALLENGE
Sign Up to Join the Scoreboard
Show All
Scores
Hide
Comments
May contain spoilers
Recently Published
Popular People in 1961
by mucciniale
History
6m
1-10 Letter E Words III
by El_Dandy
Language
2m
One Thing in Common: World Cities II
by knightlancer
Geography
7m
More to Explore
Quiz From the Vault
Featured Blog Post
Where Did the Easter Bunny Come From?
hide this ad
You Might Also Like...
Tags
Nintendo Quiz
Guilty
Monopoly
Nintendo Games
Wii
Wii Characters
Wii Games
Worldwide
Today's Top Quizzes in Gaming
Browse Gaming
hide this ad
Today's Top Quizzes in Nintendo
Browse Nintendo
Top Contributed Quizzes in Gaming
1
Destiny 2 exotic weapons by perk icons
2
Who's on the WWE 2K24 Cover?
3
Windmill: Pokémon
4
Genshin Impact Logic Puzzle
5
Overwatch 2: Ultimate Ability Icons
6
Overwatch 2 Heroes by Selection Quote
7
Genshin murder mystery
8
Legendary or Exotic?
9
Overwatch Logic Puzzle
10
Genshin Impact Logic Puzzle Quiz II
Explore More
Trending Topics
Harry Potter
Kpop
Disney
Marvel
Crossword
Anime
NBA
Country
Puzzle
NFL
The Office
Soccer
Song
Pokémon
WWE
hide this ad
More By:
SelenaGomezLover
Quiz
Plays
Rating
Category
Featured
Created
Name that Singer
781
3.00
Music
Jul 4, 2011
Hello (Different Languages)
759
3.00
Language
Jul 5, 2011
Hindi - English
701
3.00
Language
Aug 14, 2011
The Hebrew Alphabet
427
3.50
Language
Jul 25, 2011
Greek Vowels
390
4.50
Language
Jul 15, 2011
Go to Creator's Profile
Score Distribution
Quiz Creator Spotlight
SelenaGomezLover
Follow
Send a Message
Quizzes Created
-
Created Quiz Play Count
-
More By This Creator
Popular Quizzes Today
1
Find the US States - No Outlines Minefield
2
The Countries of the World
3
Popular People in 1961
4
Find the Countries of Europe - No Outlines Minefield
5
1-10 Letter E Words III
6
Find the US States
7
One Thing in Common: World Cities II
8
US States
More Gaming Quizzes
Fence In Jellyfish Fields # 9
Quiz Lab
Trending Quizzes
1-10 Letter F Words
One Thing in Common: Music
1-10 Letter G Words
Risky Map Clicking: Next State Alphabetically
1-10 Letter F Words II
Recently Updated
Leaping Animals
pecheneg
Reality TV Shows (A-Z)
bhenderson79
Rickey Henderson's Hall of Fame Teammates
pecheneg
Champions League XIs: Arsenal
pecheneg
Quick Pick: Celebrities in WWE's Hall of Fame
aduchscher
A-Z Keypad Blitz II
pecheneg
Multiple Oscar Actors
pecheneg
Mystery Phrase Blitz: Oscar 'Best Actors'
pecheneg
F. Scott Fitzgerald Novels
LTH
Pick 3 Villains
ddd62291
Trending Topics
Kpop
Harry Potter
Disney
Marvel
NBA
Anime
Crossword
Song
The Office
NFL
WWE
Pokémon
Soccer
Puzzle
Country
Your Account Isn't Verified!
In order to create a playlist on Sporcle, you need to verify the email address you used during registration. Go to your
Sporcle Settings
to finish the process.
Report this User
Report this user for behavior that violates our
Community Guidelines
.
Details:
Send Report
Go to the Sporcle.com Mobile Site →
Comments